000 00514nam a2200169 i 4500
001 21528
003 ES-MaACL
005 20250430203726.0
007 t|
008 021126s1925 sp ||||1| spa d
100 1 _aAlberti, Rafael,
_d1902-1999
_9240174
245 1 0 _aMarinero en tierra
_b: poesías /
_cRafael Alberti.
260 _aMadrid :
_b[s.n.,
_c1925] (
_eSegovia :
_fEl Adelantado de Segovia)
300 _a218 p. ;
_c20 cm.
852 _aES-MaACL
_jR-3325
_bR.7191
999 _c21528
_d21528